000 01296cam a2200325 a 4500
001 16920611
003 mut
005 20240606081054.0
008 110812s2013 paua b 001 0 eng
010 _a 2011034253
020 _a9781269699716
035 _a(DNLM)101566858
040 _aDNLM/DLC
_cDLC
042 _apcc
050 0 0 _aQP41
_b.A53 2014
060 1 0 _aQS 4
082 0 0 _a612
_223
245 0 0 _aAnatomy & physiology
246 1 _aAnatomy and physiology
260 _aBoston
_bpearson
_cc2014.
300 _ax, 373 p. :
_bcol. ill. ;
_ccm.
504 _aIncludes bibliographical references (p. 364) and index.
505 0 _aThe human body -- Genetics -- Chemical organization -- Integumentary system -- Musculoskeletal system -- Neurosensory system -- Endocrine system -- Cardiovascular system -- Hematologic system -- Immune system -- Respiratory system -- Gastrointestinal system -- Nutrition and metabolism -- Urinary system -- Fluids, electrolytes, acids, and bases -- Reproductive system -- Reproduction and lactation.
650 1 2 _aAnatomy.
650 2 2 _aPhysiological Phenomena.
710 2 _aLippincott Williams & Wilkins.
906 _a7
_bcbc
_corignew
_d1
_eecip
_f20
_gy-gencatlg
942 _2lcc
_cBK
999 _c8380
_d8380